000
002990000a22001090004500
100
1
_a
Viana, Carlos H.
245
1
0
_a
La vida en los tiempos bíblicos
300
_a
Vol.48, núm.205 (1993), Pàginas 15-17
650
1
4
_a
HISTORIA-TIEMPOS BÍBLICOS
773
0
_t
La Biblia en las Américas
942
_c
ANA
999
_c
62908
_d
62908